Detalles MARC
| 000 -CABECERA |
| campo de control de longitud fija |
01632nam a2200205 a 4500 |
| 001 - NÚMERO DE CONTROL |
| campo de control |
000015491 |
| 005 - FECHA Y HORA DE LA ÚLTIMA TRANSACCIÓN |
| campo de control |
20200929164044.0 |
| 008 - DATOS DE LONGITUD FIJA--INFORMACIÓN GENERAL |
| campo de control de longitud fija |
100204s1958 // a 000 f spa d |
| 040 ## - FUENTE DE LA CATALOGACIÓN |
| Centro catalogador/agencia de origen |
DO-SdBNP |
| Lengua de catalogación |
spa |
| Centro/agencia transcriptor |
BNPHU |
| 082 ## - NÚMERO DE LA CLASIFICACIÓN DECIMAL DEWEY |
| Número de clasificación |
333.7924 |
| Número de documento/Ítem |
C748a |
| 111 2# - ENTRADA PRINCIPAL--NOMBRE DE CONGRESO/REUNIÓN |
| Nombre de congreso/reunión o jurisdicción como elemento de entrada |
Conferencia Internacional de las Naciones Unidas |
| Número del congreso/reunión o número de parte o sección |
(2da : |
| Fecha del congreso/reunión |
1 al 13 de septiembre de 1958 : |
| Sede del congreso/Lugar de la reunión |
Ginebra). |
| 9 (RLIN) |
34993 |
| 245 10 - MENCIÓN DE TÍTULO |
| Título |
Actas de la Segunda Conferencia Internacional sobre la utilización de la energía atómica con fines pacíficos. |
| 260 ## - PUBLICACIÓN, DISTRIBUCIÓN, ETC. |
| Lugar de publicación, distribución, etc. |
Ginebra : |
| Nombre del editor, distribuidor, etc. |
Naciones Unidas, |
| Fecha de publicación, distribución, etc. |
1958. |
| 300 ## - DESCRIPCIÓN FÍSICA |
| Extensión |
v : |
| Otras características físicas |
il. ; |
| Dimensiones |
28 cm. |
| 500 ## - NOTA GENERAL |
| Nota general |
La biblioteca posee los volúmenes: 1, 2, 3, 4, 5, 6, 7, 8, 10, 11, 12, 13. |
| 505 0# - NOTA DE CONTENIDO CON FORMATO |
| Información miscelánea |
v. 1. |
| Título |
Progresos realizados en el dominio atómico; aspectos generales de la conferencia -- |
| Información miscelánea |
v. 2. |
| Título |
Primeras materias -- |
| Información miscelánea |
v. 3. |
| Título |
Materiales nucleares y separación isotópica -- |
| Información miscelánea |
v.4. |
| Título |
Metalurgia y tecnología de los reactores -- |
| Información miscelánea |
v.5. |
| Título |
Reactores y centrales atómicas -- |
| Información miscelánea |
v. 6. |
| Título |
Física y economía de los reactores -- |
| Información miscelánea |
v. 7. |
| Título |
Física nuclear -- |
| Información miscelánea |
Vol. 8. |
| Título |
Combustibles irradiados y materias radioactivas; protección contra las radiaciones -- |
| Información miscelánea |
v. 10. |
| Título |
Los isótopos radioactivos en biología y en medicina; efectos biológicos de las radiaciones -- |
| Información miscelánea |
v. 11. |
| Título |
Física corpuscular y química nuclear -- |
| Información miscelánea |
v. 12. |
| Título |
La fusión controlada: teoría y experiencias -- |
| Información miscelánea |
v.13. |
| Título |
La fusión controlada: aparatos. |
| 504 ## - NOTA DE BIBLIOGRAFÍA, ETC. |
| Nota de bibliografía, etc. |
Incluye bibliografía al final de cada capítulo, referencias bibliográficas y notas al final de las páginas. |
| 650 #4 - PUNTO DE ACCESO ADICIONAL DE MATERIA--TÉRMINO DE MATERIA |
| Término de materia o nombre geográfico como elemento de entrada |
Energía nuclear |
| Subdivisión general |
Investigaciones |
| 9 (RLIN) |
34994 |
| 650 #4 - PUNTO DE ACCESO ADICIONAL DE MATERIA--TÉRMINO DE MATERIA |
| Término de materia o nombre geográfico como elemento de entrada |
Energía nuclear |
| Subdivisión general |
Congresos, conferencias, etc. |
| 9 (RLIN) |
34995 |